Mystery Category #12 - Statistics

General Stats
  • This quiz has been taken 114 times
  • The average score is 9 of 13
Answer Stats
Lose a Letter, Unscramble New Word % Correct
MINT TIN
100%
LODGE GOLD
94%
MINOR IRON
86%
Mystery Category ELEMENTS
82%
PODIUMS SODIUM
82%
UNFURLS SULFUR
72%
TONNE NEON
70%
REVISAL SILVER
69%
BRONCO BORON
62%
HUMILITY LITHIUM
55%
CRINKLE NICKEL
55%
EDITION IODINE
46%
INCREASE ARSENIC
23%
No matching quizzes found
Score Distribution
Percent of People with Each Score
Percentile by Number Answered
Your Score History
You have not taken this quiz